Statistics for Dog Breeds by Picture - Gundog Group

Click here to take the quiz!

General Stats

  • This quiz has been taken 196 times
  • The average score is 8 of 16

Answer Stats

Answer% Correct
Labrador
98%
Golden
83%
American Cocker
78%
Irish Setter
76%
English Pointer
66%
English Springer
60%
Weimaraner
56%
Hungarian Vizsla
51%
Spanish Water Dog
47%
German Wirehaired Pointer
44%
English Setter
39%
Nova Scotia Duck Tolling
39%
Clumber
38%
Munsterlander
24%
Bracco Italiano
20%
Italian Spinone
18%

Score Distribution

Percentile by Number Answered

Percent of People with Each Score

Your Score History

You have not taken this quiz